000 00747nam a2200205 a 4500
001 000016789
005 20260417103605.0
008 100310s1994 dr 000 0 spa d
040 _aDO-SdBNP
_bspa
_cBNPHU
082 _a362.7083
_bA444e
100 1 _aAlma de Ruiz, Zelided
_937203
245 1 0 _aEstudio comparativo del abuso intrafamiliar en adolecentes de liceos públicos y colegios privados de Santo Domingo /
_cZelided Alma de Ruiz.
260 _aSanto Domingo :
_bInstituto de la familia
_bUNICEF,
_c1994.
300 _a117 P. ;
_c28 cm.
504 _aIncluye referencias bibliográficas ( p. 117)
650 0 _a Adolescencia
_989353
650 4 _aPadres e hijos
_9796
650 4 _aFamilias
_zRepública Dominicana
_937204
049 _aBNPD
999 _c16321
_d16321